WAY WE WORK AN ENCYCLOPEDIA OF BUSINESS (Record no. 27513)

MARC details
000 -LEADER
fixed length control field 00373nam a2200145Ia 4500
008 - FIXED-LENGTH DATA ELEMENTS--GENERAL INFORMATION
fixed length control field 240624s9999 xx 000 0 und d
041 ## - LANGUAGE CODE
Language code of text/sound track or separate title eng
082 ## - DEWEY DECIMAL CLASSIFICATION NUMBER
Classification number 658 MAR
100 ## - MAIN ENTRY--PERSONAL NAME
Personal name MARUCA REGINA FAZIO
245 ## - TITLE STATEMENT
Title WAY WE WORK AN ENCYCLOPEDIA OF BUSINESS
260 ## - PUBLICATION, DISTRIBUTION, ETC.
Date of publication, distribution, etc. 2008
Place of publication, distribution, etc. London
Name of publisher, distributor, etc. Greenwood Press
300 ## - PHYSICAL DESCRIPTION
Extent xxii, : 232 : p. : cm. ; 26
365 ## - TRADE PRICE
Currency code
Price amount 30
440 ## - SERIES STATEMENT/ADDED ENTRY--TITLE
Volume/sequential designation 2
Holdings
Withdrawn status Lost status Damaged status Not for loan Home library Current library Shelving location Date acquired Source of acquisition Cost, normal purchase price Full call number Barcode Date last seen Copy number Price effective from Koha item type
        IMTN IMTN Rack 22-B 05/02/2016 AP 193.00 658 MAR 27513 06/24/2024 70.7 06/24/2024 Books
Designed & Maintained by: LRC IMT Nagpur Contact: lrc@imtnag.ac.in© 2024. All Rights Reserved.